Statistics for Top 50 Poorest Countries With Exceptions

Click here to take the quiz!

General Stats

  • This quiz has been taken 65 times
  • The average score is 42 of 50

Answer Stats

GDPCountry% Correct
$4.200Marshall Islands
95%
$1.750Afghanistan
93%
$11.860Iraq
93%
$5.950Samoa
93%
$10.580El Salvador
91%
$6.740Honduras
91%
$2.000Yemen
91%
$3.190Haiti
89%
$4.780Myanmar
89%
$7.000Nicaragua
89%
$2.385Solomon Islands
89%
$2.850Vanuatu
89%
$12.960Bhutan
88%
$9.980Guatemala
88%
$9.190Laos
88%
$10.750Nauru
88%
$13.590Palau
88%
$4.630Tajikistan
88%
$10.000Bolivia
86%
$5.500Cambodia
86%
$13.650Fiji
86%
$2.150Kiribati
86%
$5.570Kyrgyzstan
86%
$4.580Nepal
86%
$2.500North Korea
86%
$4.300Papua New Guinea
86%
$6.000Syria
86%
$5.800Tuvalu
86%
$9.240Uzbekistan
86%
$6.380Venezuela
86%
$3.650FS Micronesia
84%
$14.530Indonesia
84%
$6.630Bangladesh
82%
$7.150Belize
82%
$3.350East Timor
82%
$6.470Pakistan
82%
$12.880Vietnam
82%
$8.350India
81%
$12.030Lebanon
77%
$15.000Dominica
75%
$9.910Philippines
75%
$15.380Sri Lanka
75%
$12.300Cuba
74%
$13.350Mongolia
74%
$11.800Jordan
70%
$12.660Ecuador
68%
$12.140Jamaica
68%
$14.430Paraguay
68%
$13.950Ukraine
61%
$14.350Kosovo
58%

Score Distribution

Percentile by Number Answered

Percent of People with Each Score

Your Score History

You have not taken this quiz